000 00569cam a22002055a 4500
001 D7164
008 020812s1984 xxk f 000 0 eng d
035 _a(Sirsi) u119291
041 _aeng
050 _a690.16 $2 18
100 1 _aMold, E.
245 0 0 _aGood practice in layng floor screeds
260 _aAscot
_bCIOB
_c1984
300 _a7p.
_c30cm
350 _a0
490 0 _aCIOB Technical Information Service Site Management
651 4 _aUnited Kingdom
_y
690 _aBUILT ENVIRONMENT-BUILDING ELEMENTS-COMPLETE BUILDING ELEMENTS-FLOORS
942 _n0
999 _c102282
_d102282